| 000 | 00389nam a2200157Ia 4500 | ||
|---|---|---|---|
| 003 | IN-BaIIA | ||
| 008 | 211028s9999 xx 000 0 eng d | ||
| 040 | _cIIA Library | ||
| 080 |
_a770.02 _bCRO |
||
| 100 |
_aCroy, O R _92076 |
||
| 245 | 4 |
_aThe Compelte Art of Printing and Enclarging _cO. R. Croy |
|
| 260 |
_aLondon _c1951 |
||
| 300 | _a255p. | ||
| 650 |
_aPhotography _92077 |
||
| 942 | _cBK | ||
| 999 |
_c966 _d966 |
||